La familia y el desarrollo del individuo / (Record no. 95032)

MARC details
000 -CABECERA
campo de control de longitud fija 00723nam a2200229 a 4500
005 - FECHA Y HORA DE LA ÚLTIMA TRANSACCIÓN
campo de control 20240925064442.0
008 - ELEMENTOS DE LONGITUD FIJA--INFORMACIÓN GENERAL
campo de control de longitud fija 030312s1995 ag r 000 0 spa d
020 ## - NÚMERO INTERNACIONAL NORMALIZADO PARA LIBROS
Número Internacional Estándar del Libro 9506180326
035 ## - NÚMERO DE CONTROL DEL SISTEMA
Número de control de sistema UPN01000122849
049 ## - COLECCIÓN
Colección CG
050 #4 - SIGNATURA TOPOGRÁFICA DE LA BIBLIOTECA DEL CONGRESO
Número de clasificación BF723 P2.5
Número de documento/Ítem W5.3 1995
100 1# - ASIENTO PRINCIPAL--NOMBRE PERSONAL
Nombre de persona Winnicott, Donald Woods,
Fechas asociadas al nombre 1896-1971
9 (RLIN) 29547
245 13 - MENCIÓN DE TÍTULO
Título La familia y el desarrollo del individuo /
Mención de responsabilidad, etc. Donald Woods Winnicott ; tr. Noemí Rosemblatt.
250 ## - MENCIÓN DE EDICIÓN
Mención de edición 4a ed.
260 ## - PUBLICACIÓN, DISTRIBUCIÓN, ETC.
Lugar de publicación, distribución, etc. Buenos Aires :
Nombre del editor, distribuidor, etc. Lumen :
-- Hormé,
-- 1995.
300 ## - DESCRIPCIÓN FÍSICA
Extensión 216 p.
534 ## - NOTA SOBRE LA VERSIÓN ORIGINAL
Frase introductoria Traducción de:
Mención de título del original The family and individual development
650 #4 - ASIENTO SECUNDARIO DE MATERIA - TERMINO TEMATICO
Término de materia o nombre geográfico como elemento de entrada Padres e hijos
9 (RLIN) 1360
650 #4 - ASIENTO SECUNDARIO DE MATERIA - TERMINO TEMATICO
Término de materia o nombre geográfico como elemento de entrada Niño, Estudio del
9 (RLIN) 221
650 #4 - ASIENTO SECUNDARIO DE MATERIA - TERMINO TEMATICO
Término de materia o nombre geográfico como elemento de entrada Familias
9 (RLIN) 44286
905 ## - TIPO DE MATERIAL
Tipo de material Libro
Holdings
Estado de retiro Estado de pérdida Fuente del sistema de clasificación o colocación Estado dañado No para préstamo Código de colección Localización permanente Ubicación/localización actual Ubicación en estantería Total de préstamos Clasificación Código de barras Fecha visto por última vez Número de copia Tipo de ítem Koha
    Library of Congress Classification     Colección General Bib. Gregorio Torres Quintero Bib. Gregorio Torres Quintero Planta baja 29 BF723 P2.5 W5.3 1995 208553 31/12/2020 1 Libro
    Library of Congress Classification     Colección General Bib. Gregorio Torres Quintero Bib. Gregorio Torres Quintero Planta baja 31 BF723 P2.5 W5.3 1995 208552 31/12/2020 1 Libro